[Event "IECC CL6-2011.04 email"]
[Site "IECC email"]
[Date "2011.03.28"]
[Round "?"]
[White "Katsantoulas, Thanasis"]
[Black "Hurley, Karen Jean"]
[Result "1-0"]
[WhiteElo "1304"]
[BlackElo "1319"]
[PlyCount "73"]
[EventDate "2011.??.??"]
[EventType "tourn (corr)"]
[EventRounds "4"]
[SourceTitle "Telechess CBM 149"]
[Source "ChessBase"]
[SourceDate "2012.07.17"]
[SourceVersion "1"]
[SourceVersionDate "2012.07.17"]
[SourceQuality "1"]
[WhiteTeam "Greece"]
[BlackTeam "Scotland"]
[WhiteTeamCountry "GRE"]
[BlackTeamCountry "SCO"]

1. d4 d5 2. Nf3 Nf6 3. c4 c6 4. Nc3 dxc4 5. a4 Bg4 6. e3 e5 7. Bxc4 e4 8. h3 Bxf3 9. gxf3 exf3 10. Qxf3 Qd7 11. Rg1 Qe7 12. b3 Nbd7 13. Ba3 Qd8 14. Bxf8 Kxf8 15. e4 Qe7 16. e5 Ng8 17. Ne4 Rb8 18. Ng5 Nh6 19. Ne6+ Ke8 20. Nxg7+ Kd8 21. Qf4 Ng8 22. e6 Kc8 23. Qxf7 Qxf7 24. exf7 Ngf6 25. Ne6 b5 26. Bd3 a6 27. Rc1 Kb7 28. Kd2 Rbc8 29. Bf5 Kb6 30. Nc5 Nxc5 31. dxc5+ Kc7 32. Bxc8 Rxc8 33. Rce1 Kd7 34. Rg7 Rf8 35. Kc3 bxa4 36. bxa4 a5 37. Kd4 1-0

[Event "IECC CL6-2011.04 email"]
[Site "IECC email"]
[Date "2011.03.28"]
[Round "?"]
[White "Longden, Richard A"]
[Black "Katsantoulas, Thanasis"]
[Result "0-1"]
[WhiteElo "1244"]
[BlackElo "1304"]
[PlyCount "70"]
[EventDate "2011.??.??"]
[EventType "tourn (corr)"]
[EventRounds "4"]
[SourceTitle "Telechess CBM 145"]
[Source "Chessbase"]
[SourceDate "2011.11.11"]
[SourceVersion "1"]
[SourceVersionDate "2011.11.11"]
[SourceQuality "1"]
[BlackTeam "Greece"]
[BlackTeamCountry "GRE"]

1. e4 c5 2. f4 Nf6 3. e5 Nd5 4. Bc4 e6 5. d3 Be7 6. Nf3 Nc6 7. Bxd5 exd5 8. 0-0 0-0 9. Bd2 d6 10. Nc3 dxe5 11. Ne2 Qb6 12. b3 Be6 13. Kh1 exf4 14. Nxf4 Bf6 15. Rb1 Qc7 16. Nh5 Be7 17. d4 Bg4 18. Nxg7 Kxg7 19. Bc3 Kg8 20. dxc5 Rad8 21. Qd2 d4 22. Nxd4 Nxd4 23. Qxd4 Rxd4 24. Bxd4 Bxc5 25. Bb2 Qc6 26. Rf4 Bh3 27. Rf3 Bd6 28. c4 Re8 29. Rxh3 Re2 30. Rf3 Qe4 31. Rbf1 Re1 32. Bc3 Rxf1+ 33. Rxf1 f5 34. h3 Kf7 35. Ba1 Kg6 0-1

[Event "IECC CL6-2011.03 email"]
[Site "IECC email"]
[Date "2011.03.09"]
[Round "?"]
[White "Katsantoulas, Thanasis"]
[Black "D'Aragona, Vittoria"]
[Result "1-0"]
[WhiteElo "1292"]
[BlackElo "1426"]
[PlyCount "73"]
[EventDate "2011.??.??"]
[EventType "tourn (corr)"]
[EventRounds "4"]
[SourceTitle "Telechess CBM 145"]
[Source "Chessbase"]
[SourceDate "2011.11.11"]
[SourceVersion "1"]
[SourceVersionDate "2011.11.11"]
[SourceQuality "1"]
[WhiteTeam "Greece"]
[BlackTeam "Italy"]
[WhiteTeamCountry "GRE"]
[BlackTeamCountry "ITA"]

1. a3 e6 2. d4 Nf6 3. Nc3 Be7 4. e4 0-0 5. Nf3 d5 6. e5 Ne4 7. Nxe4 dxe4 8. Ng1 c5 9. Ne2 Nc6 10. c3 cxd4 11. Nxd4 Nxd4 12. Qxd4 Qxd4 13. cxd4 Bd7 14. Be2 f6 15. 0-0 Rac8 16. b4 Rc2 17. Re1 f5 18. Bd1 Rcc8 19. Bb3 Rc3 20. Re3 Rfc8 21. Rxc3 Rxc3 22. Rb1 Rd3 23. Be3 h6 24. h3 b5 25. g3 a6 26. g4 fxg4 27. hxg4 Kf7 28. Kg2 g5 29. Kf1 Kg6 30. Ke2 Rc3 31. Bc1 Bd8 32. Kd2 Rh3 33. Bc2 Bc7 34. Bxe4+ Kf7 35. Bb2 Rh4 36. f3 Rh2+ 37. Ke3 1-0

[Event "IECC CL6-2011.03 email"]
[Site "IECC email"]
[Date "2011.03.09"]
[Round "?"]
[White "Katsantoulas, Thanasis"]
[Black "Von Rosenberg, Clemens"]
[Result "0-1"]
[WhiteElo "1307"]
[BlackElo "1332"]
[PlyCount "44"]
[EventDate "2011.??.??"]
[EventType "tourn (corr)"]
[EventRounds "4"]
[SourceTitle "Telechess CBM 145"]
[Source "Chessbase"]
[SourceDate "2011.11.11"]
[SourceVersion "1"]
[SourceVersionDate "2011.11.11"]
[SourceQuality "1"]
[WhiteTeam "Greece"]
[BlackTeam "Germany"]
[WhiteTeamCountry "GRE"]
[BlackTeamCountry "GER"]

1. Nf3 e6 2. d4 Nf6 3. c4 d5 4. Nc3 dxc4 5. e4 Bb4 6. Bg5 c5 7. e5 cxd4 8. Nxd4 Qa5 9. exf6 Bxc3+ 10. bxc3 Qxg5 11. fxg7 Qxg7 12. Bxc4 Qxg2 13. Ke2 Qe4+ 14. Kf1 Qxh1+ 15. Ke2 Qxh2 16. Qa4+ Bd7 17. Qa3 Rg8 18. Nf3 Qh5 19. Rd1 Bc6 20. Rd3 Nd7 21. Qd6 Ne5 22. Qxe5 Bxf3+ 0-1

[Event "IECC CL6-2011.02 email"]
[Site "IECC email"]
[Date "2011.03.02"]
[Round "?"]
[White "D'Aragona, Vittoria"]
[Black "Katsantoulas, Thanasis"]
[Result "1-0"]
[WhiteElo "1401"]
[BlackElo "1338"]
[PlyCount "47"]
[EventDate "2011.??.??"]
[EventType "tourn (corr)"]
[EventRounds "4"]
[SourceTitle "Telechess CBM 145"]
[Source "Chessbase"]
[SourceDate "2011.11.11"]
[SourceVersion "1"]
[SourceVersionDate "2011.11.11"]
[SourceQuality "1"]
[WhiteTeam "Italy"]
[BlackTeam "Greece"]
[WhiteTeamCountry "ITA"]
[BlackTeamCountry "GRE"]

1. e4 c5 2. c3 e6 3. Nf3 d5 4. exd5 Qxd5 5. Na3 Nf6 6. Bb5+ Nc6 7. 0-0 Be7 8. Bc4 Qd8 9. d4 cxd4 10. Nxd4 Bxa3 11. Nxc6 Qxd1 12. Rxd1 bxc6 13. bxa3 Ke7 14. Be3 Nd5 15. Bc5+ Ke8 16. Rd3 Nf4 17. Rd6 Nd5 18. Rxc6 Ne7 19. Rc7 Nd5 20. Bb5+ Kd8 21. Rxf7 g6 22. c4 a6 23. Ba4 Nc3 24. Bb6# 1-0

[Event "IECC CL6-2011.02 email"]
[Site "IECC email"]
[Date "2011.03.02"]
[Round "?"]
[White "Katsantoulas, Thanasis"]
[Black "Baez, Jorge Luis"]
[Result "0-1"]
[WhiteElo "1352"]
[BlackElo "1427"]
[PlyCount "44"]
[EventDate "2011.??.??"]
[EventType "tourn (corr)"]
[EventRounds "4"]
[SourceTitle "Telechess CBM 145"]
[Source "Chessbase"]
[SourceDate "2011.11.11"]
[SourceVersion "1"]
[SourceVersionDate "2011.11.11"]
[SourceQuality "1"]
[WhiteTeam "Greece"]
[BlackTeam "Colombia"]
[WhiteTeamCountry "GRE"]
[BlackTeamCountry "COL"]

1. Nf3 e6 2. c4 Nf6 3. d4 g6 4. Nc3 Bg7 5. e4 0-0 6. e5 Ne8 7. Ne4 d6 8. Bg5 Qd7 9. Bd3 Nc6 10. Qd2 dxe5 11. 0-0-0 exd4 12. Nc5 Qd6 13. b4 f6 14. Bh6 Bxh6 15. Qxh6 Nxb4 16. Bxg6 hxg6 17. Qxg6+ Ng7 18. Nb3 e5 19. a3 Bf5 20. Qg3 Nd3+ 21. Kb1 Qxa3 22. Rxd3 Bxd3# 0-1

[Event "IECC CL5-2010.14 email"]
[Site "IECC email"]
[Date "2010.10.05"]
[Round "?"]
[White "D'Aragona, Vittoria"]
[Black "Katsantoulas, Thanasis"]
[Result "1/2-1/2"]
[WhiteElo "1433"]
[BlackElo "1436"]
[PlyCount "41"]
[EventDate "2010.??.??"]
[EventType "tourn (corr)"]
[EventRounds "4"]
[SourceTitle "Telechess CBM 149"]
[Source "ChessBase"]
[SourceDate "2012.07.17"]
[SourceVersion "1"]
[SourceVersionDate "2012.07.17"]
[SourceQuality "1"]
[WhiteTeam "Italy"]
[BlackTeam "Greece"]
[WhiteTeamCountry "ITA"]
[BlackTeamCountry "GRE"]

1. e4 e5 2. Nf3 Nc6 3. d4 exd4 4. Bc4 Bc5 5. c3 Nf6 6. e5 d5 7. exf6 dxc4 8. fxg7 Rg8 9. cxd4 Nxd4 10. 0-0 Rxg7 11. Re1+ Be6 12. Bh6 Rg6 13. Be3 Nxf3+ 14. Qxf3 Bd5 15. Bxc5+ Re6 16. Rxe6+ fxe6 17. Qf8+ Kd7 18. Qxd8+ Rxd8 19. Na3 Kc6 20. Be3 a6 21. f3 1/2-1/2

[Event "IECC CL5-2010.14 email"]
[Site "IECC email"]
[Date "2010.10.05"]
[Round "?"]
[White "Katsantoulas, Thanasis"]
[Black "Basson, Heinrich"]
[Result "0-1"]
[WhiteElo "1405"]
[BlackElo "1700"]
[PlyCount "42"]
[EventDate "2010.??.??"]
[EventType "tourn (corr)"]
[EventRounds "4"]
[SourceTitle "Telechess CBM 149"]
[Source "ChessBase"]
[SourceDate "2012.07.17"]
[SourceVersion "1"]
[SourceVersionDate "2012.07.17"]
[SourceQuality "1"]
[WhiteTeam "Greece"]
[BlackTeam "South Africa"]
[WhiteTeamCountry "GRE"]
[BlackTeamCountry "RSA"]

1. d4 d5 2. c4 Nf6 3. Nc3 e6 4. Nf3 Be7 5. e3 0-0 6. Bd3 dxc4 7. Bxc4 c5 8. 0-0 Nc6 9. Rb1 cxd4 10. Nxd4 Nxd4 11. Qxd4 Qc7 12. Nb5 Qc6 13. Nxa7 Rxa7 14. Qxa7 Qxc4 15. b3 Qh4 16. Bb2 Rd8 17. Qb6 Nd5 18. Qd4 Qg5 19. f4 Qg6 20. e4 b6 21. exd5 Bc5 0-1

[Event "IECC CL5-2010.13 email"]
[Site "IECC email"]
[Date "2010.10.01"]
[Round "?"]
[White "Hargreaves, John Richard"]
[Black "Katsantoulas, Thanasis"]
[Result "1-0"]
[WhiteElo "1512"]
[BlackElo "1355"]
[PlyCount "53"]
[EventDate "2010.??.??"]
[EventType "tourn (corr)"]
[EventRounds "4"]
[SourceTitle "Telechess CBM 145"]
[Source "Chessbase"]
[SourceDate "2011.11.11"]
[SourceVersion "1"]
[SourceVersionDate "2011.11.11"]
[SourceQuality "1"]
[WhiteTeam "England"]
[BlackTeam "Greece"]
[WhiteTeamCountry "ENG"]
[BlackTeamCountry "GRE"]

1. e4 e5 2. Nf3 Nc6 3. Bb5 a6 4. Bc4 Nf6 5. d4 exd4 6. 0-0 Be7 7. e5 d5 8. exf6 Bxf6 9. Re1+ Be6 10. Bd3 0-0 11. Nbd2 Re8 12. Nb3 Qd6 13. Bd2 Ne5 14. Nxe5 Bxe5 15. Bxh7+ Kf8 16. Rxe5 Qxe5 17. Bb4+ Re7 18. Qxd4 Qxd4 19. Nxd4 Bd7 20. Bf5 b5 21. Bxe7+ Kxe7 22. Re1+ Kd6 23. Bxd7 Kxd7 24. Nf5 Kc6 25. Nxg7 Kb6 26. Re8 Ra7 27. h4 1-0

[Event "IECC O-3227"]
[Site "IECC email"]
[Date "2010.09.27"]
[Round "?"]
[White "Katsantoulas, Thanasis"]
[Black "Gorin, Anton Valerievich"]
[Result "0-1"]
[WhiteElo "1396"]
[BlackElo "1623"]
[PlyCount "42"]
[EventDate "2010.??.??"]
[EventType "swiss (corr)"]
[EventRounds "2"]
[SourceTitle "Telechess CBM 149"]
[Source "ChessBase"]
[SourceDate "2012.07.17"]
[SourceVersion "1"]
[SourceVersionDate "2012.07.17"]
[SourceQuality "1"]
[WhiteTeam "Greece"]
[BlackTeam "Russia"]
[WhiteTeamCountry "GRE"]
[BlackTeamCountry "RUS"]

1. e4 c5 2. Nc3 Nc6 3. f4 d6 4. Nf3 g6 5. d4 cxd4 6. Nxd4 Bg7 7. Be3 Nf6 8. Be2 0-0 9. Nb3 a5 10. a4 Be6 11. 0-0 Rc8 12. Nb5 Bxb3 13. cxb3 Nxe4 14. Bd4 Nxd4 15. Nxd4 Qb6 16. Kh1 Qxd4 17. Qxd4 Bxd4 18. Rad1 Nf2+ 19. Rxf2 Bxf2 20. Bf3 Rc7 21. Rd2 Rc1+ 0-1

[Event "IECC CL5-2010.11 email"]
[Site "IECC email"]
[Date "2010.09.02"]
[Round "?"]
[White "Katsantoulas, Thanasis"]
[Black "Cabrera Trujillo, Claudio Tomas"]
[Result "0-1"]
[WhiteElo "1463"]
[BlackElo "1531"]
[PlyCount "56"]
[EventDate "2010.??.??"]
[EventType "tourn (corr)"]
[EventRounds "4"]
[SourceTitle "Corr 2013"]
[Source "ChessBase"]
[SourceDate "2012.11.12"]
[SourceVersion "1"]
[SourceVersionDate "2012.11.12"]
[SourceQuality "1"]
[WhiteTeam "New Zealand"]
[BlackTeam "Italy"]
[WhiteTeamCountry "NZL"]
[BlackTeamCountry "ITA"]

1. d4 Nf6 2. c4 e6 3. Nf3 d5 4. Nc3 Nbd7 5. Bg5 Be7 6. cxd5 exd5 7. e3 c6 8. Bd3 0-0 9. Qc2 h6 10. Bf4 Re8 11. g4 Bf8 12. g5 Nh5 13. 0-0-0 Nxf4 14. exf4 hxg5 15. Nxg5 Nf6 16. h4 Bg4 17. Rdg1 Bh5 18. Ne2 Bd6 19. Ng3 Bxf4+ 20. Kb1 Bxg3 21. Rxg3 Ne4 22. Nxe4 dxe4 23. Bxe4 Qxd4 24. f3 Rad8 25. Kc1 Re5 26. Rd1 Qxd1+ 27. Qxd1 Rxd1+ 28. Kxd1 Rxe4 0-1

[Event "IECC O-3190"]
[Site "IECC email"]
[Date "2010.07.12"]
[Round "?"]
[White "Basson, Heinrich"]
[Black "Katsantoulas, Thanasis"]
[Result "1-0"]
[WhiteElo "1700"]
[BlackElo "1489"]
[PlyCount "35"]
[EventDate "2010.??.??"]
[EventType "swiss (corr)"]
[EventRounds "2"]
[SourceTitle "Telechess CBM 149"]
[Source "ChessBase"]
[SourceDate "2012.07.17"]
[SourceVersion "1"]
[SourceVersionDate "2012.07.17"]
[SourceQuality "1"]
[WhiteTeam "South Africa"]
[BlackTeam "Greece"]
[WhiteTeamCountry "RSA"]
[BlackTeamCountry "GRE"]

1. d4 Nf6 2. c4 g6 3. Nc3 d5 4. e3 Bg7 5. Nf3 0-0 6. Be2 c6 7. 0-0 e6 8. Qc2 Nbd7 9. a3 b6 10. e4 dxe4 11. Nxe4 Qc7 12. Rd1 a6 13. Nxf6+ Nxf6 14. Ne5 c5 15. Bf4 cxd4 16. Nxg6 Qc5 17. b4 Qf5 18. Ne7+ 1-0